[Event "Canadian op"]
[Site "Laval"]
[Date "2024.07.16"]
[Round "6"]
[White "Pollitt, Henry"]
[Black "Ivanchuk, Serghii"]
[Result "1/2-1/2"]
[WhiteElo "1807"]
[BlackElo "1917"]
[PlyCount "59"]
[EventDate "2024.07.13"]
[EventType "swiss"]
[EventRounds "9"]
[EventCountry "CAN"]
[SourceTitle "EXT 2025"]
[Source "ChessBase"]
[SourceDate "2024.10.14"]
[SourceVersion "1"]
[SourceVersionDate "2024.10.14"]
[SourceQuality "1"]

1. e4 d6 2. d4 Nf6 3. Nc3 g6 4. f4 Bg7 5. Nf3 0-0 6. Bd3 c5 7. dxc5 dxc5 8. Be3 b6 9. h3 Bb7 10. 0-0 Nc6 11. Qe2 Nb4 12. Rad1 Nxd3 13. cxd3 Ba6 14. Qc2 Qd7 15. Rfe1 Rad8 16. d4 cxd4 17. Nxd4 Qb7 18. e5 Nd5 19. Nxd5 Rxd5 20. Nf3 Rfd8 21. Rxd5 Qxd5 22. Qc7 Qd7 23. Rc1 e6 24. Ng5 Bb7 25. Qxd7 Rxd7 26. a4 Bf8 27. Kf2 Be7 28. Nf3 f5 29. Nd4 Bc5 30. Nb3 1/2-1/2